LIBRARY & INFORMATION CENTRE, KCAET, TAVANUR

ONLINE PUBLIC ACCESS CATALOGUE (OPAC)

Microwave Spreetroscopy / (Record no. 9084)

MARC details
000 -LEADER
fixed length control field 00432cam a2200169ua 4500
041 ## - LANGUAGE CODE
Language code of text/sound track or separate title eng
082 ## - DEWEY DECIMAL CLASSIFICATION NUMBER
Classification number 535.5344
Item number TOW/MI
100 ## - MAIN ENTRY--AUTHOR NAME
Personal name Townes, C H .
245 ## - TITLE STATEMENT
Title Microwave Spreetroscopy /
260 ## - PUBLICATION, DISTRIBUTION, ETC. (IMPRINT)
Place of publication New York :
Name of publisher McGraw Hill Book Company ,
Year of publication 1955.
300 ## - PHYSICAL DESCRIPTION
Number of Pages 698 ; .
700 1# - ADDED ENTRY--PERSONAL NAME
Personal name Schawlow, A L .
942 ## - ADDED ENTRY ELEMENTS (KOHA)
Koha item type Books
Holdings
Withdrawn status Lost status Damaged status Home library Current library Date acquired Full call number Accession Number Koha item type
      KAUAET KAUAET 07/04/2012 535.5344 TOW/MI 4860 Books
free website counter